| 000 | 00739nam a22002297a 4500 | ||
|---|---|---|---|
| 008 | 160715b xxu||||| |||| 00| 0 eng d | ||
| 020 | _a971-92981-4-6 | ||
| 082 | _aDFil 796 T82p 2004 | ||
| 100 |
_911466 _aTulio, Doris D. |
||
| 245 |
_a Individual dual sports: _bP.E. 3/ _cDoris D. Tulio [and 4 others]. |
||
| 260 |
_aMandaluyong City: _bBooks Atbp. Publishing Corp., _cc2004. |
||
| 300 |
_aviii, 73 pages; _c25 cm. |
||
| 650 | 0 |
_911471 _aAthletics. |
|
| 650 | 0 |
_911472 _aRacket games. |
|
| 650 | 0 |
_911474 _aBadminton. |
|
| 650 | 0 |
_911476 _aTable Tennis. |
|
| 700 |
_911467 _aDaig, Aida A. |
||
| 700 |
_911468 _aDumangcas, Orlando D. |
||
| 700 |
_911469 _aMendoza, Divina M. |
||
| 700 |
_911470 _aSantos, Julian B. |
||
| 942 |
_2ddc _cDFIL |
||
| 999 |
_c3437 _d3437 |
||